Dlhová kríza v krajinách Eurozóny bakalárska práca

Gespeichert in:
Bibliographische Detailangaben
1. Verfasser: Štvartáková, Jana
Körperschaft: Národohospodárska fakulta EU. Katedra hospodárskej politiky
Weitere Verfasser: Lábaj, Martin, 1982-
Format: Buch
Sprache:Slowakisch
Veröffentlicht: Bratislava 2013
Tags: Tag hinzufügen
Keine Tags, Fügen Sie das erste Tag hinzu!

MARC

LEADER 00000nbm a2200000 4500
001 0172506
005 20161109112057.3
041 0 |a slo 
044 |a SK 
245 1 0 |a Dlhová kríza v krajinách Eurozóny  |b bakalárska práca  |c Jana Štvartáková ; školiteľ: Martin Lábaj 
264 1 |a Bratislava  |c 2013 
300 |a 53 s. 
100 1 |a Štvartáková, Jana 
700 1 |a Lábaj, Martin, 1982- 
710 2 |a Národohospodárska fakulta EU. Katedra hospodárskej politiky